| 000 | 00732nam a2200205 a 4500 | ||
|---|---|---|---|
| 001 | 1195 | ||
| 003 | CDMR | ||
| 005 | 20131010171201.0 | ||
| 008 | 130130s1997||||sp |||||||||||||||||cat|d | ||
| 020 | _a8449008549 | ||
| 040 |
_aCDMR _bcat _cCDMR |
||
| 245 |
_aDotze treballs d'història de la premsa al Vallès Occidental _cJosep M. Figueres (ed.) ; Àngel Acín ...[et al.] |
||
| 260 |
_aBellaterra _bUniversitat Autònoma de Barcelona. Servei de Publicacions _c1997 |
||
| 490 | 0 | _aDocuments | |
| 650 | 0 | 4 |
_91524 _aPremsa _xHistòria _zCatalunya _vRecull d'escrits |
| 650 | 0 | 4 |
_93717 _aPremsa comarcal _zCatalunya |
| 700 | 1 |
_913 _aFigueres i Artigues, Josep Maria _eed. |
|
| 700 | 1 |
_93556 _aAcín Calvo, Àngel Luis _d1972- |
|
| 942 |
_cMON _2udc |
||
| 999 |
_c1195 _d1195 |
||